000 00287 a2200121 4500
001 86969
082 _a358.4 CCS
090 _c40967
_d40967
100 _aCombat Commander School, PAF
245 _aTAC EDGE (Vol IV)
_hEnglish
260 _aCCS PAF
_bCCS PAF
_c2003
300 _a65p
942 _aCAE NUST
_cPER
_k358.4 CCS
999 _c322042
_d322042